[Event "GER CM01-D email"]
[Site "GER email"]
[Date "2014.09.25"]
[Round "?"]
[White "Bars, Joachim"]
[Black "Ponomarev, Aleksander Anatolie"]
[Result "1/2-1/2"]
[WhiteElo "2334"]
[BlackElo "2281"]
[PlyCount "52"]
[EventDate "2014.??.??"]
[EventType "tourn (corr)"]
[EventRounds "12"]
[EventCountry "GER"]
[SourceTitle "Corr 2017"]
[Source "ChessBase"]
[SourceDate "2017.09.19"]
[SourceVersion "1"]
[SourceVersionDate "2017.09.19"]
[SourceQuality "1"]

1. d4 Nf6 2. c4 g6 3. Nc3 Bg7 4. e4 d6 5. Be2 0-0 6. Bg5 h6 7. Be3 c5 8. d5 e6 9. Qd2 exd5 10. exd5 Kh7 11. h3 Re8 12. Nf3 Bf5 13. 0-0 Ne4 14. Nxe4 Bxe4 15. Rae1 Nd7 16. b3 b5 17. cxb5 Nb6 18. Bc4 Nxc4 19. bxc4 a6 20. bxa6 Rxa6 21. Bf4 Bxf3 22. Rxe8 Qxe8 23. gxf3 Bd4 24. Bxh6 Ra3 25. Kg2 Qa4 26. Qf4 Qxc4 1/2-1/2

[Event "GER CM01-D email"]
[Site "GER email"]
[Date "2014.09.25"]
[Round "?"]
[White "Ponomarev, Aleksander Anatolie"]
[Black "Molzahn, Norbert"]
[Result "1/2-1/2"]
[WhiteElo "2281"]
[BlackElo "2304"]
[PlyCount "101"]
[EventDate "2014.??.??"]
[EventType "tourn (corr)"]
[EventRounds "12"]
[EventCountry "GER"]
[SourceTitle "Corr 2017"]
[Source "ChessBase"]
[SourceDate "2017.09.19"]
[SourceVersion "1"]
[SourceVersionDate "2017.09.19"]
[SourceQuality "1"]

1. d4 Nf6 2. c4 e6 3. Nf3 b6 4. g3 Ba6 5. b3 Bb4+ 6. Bd2 Be7 7. Bg2 c6 8. 0-0 0-0 9. Qc2 d5 10. Rd1 Nbd7 11. Bf4 Rc8 12. Nc3 h6 13. e4 dxc4 14. Nd2 b5 15. bxc4 bxc4 16. Bf1 Nb6 17. a4 g5 18. Be3 c5 19. Nf3 cxd4 20. Nxd4 Nbd7 21. Nxe6 fxe6 22. e5 Qe8 23. exf6 Bxf6 24. Bg2 Nc5 25. Rd6 Bb7 26. Bxb7 Nxb7 27. Ra6 Nc5 28. Bxc5 Rxc5 29. Rxa7 Rf5 30. Rd1 Be5 31. Ne4 Qc6 32. Qe2 Bc7 33. a5 Rd5 34. Rc1 Rd4 35. Re1 e5 36. h4 gxh4 37. Qg4+ Kh8 38. Qxh4 Rd7 39. Qg4 h5 40. Ra6 hxg4 41. Rxc6 Bxa5 42. Rc1 Rd4 43. R1xc4 Kg7 44. Nd6 Bb4 45. Nb5 Rxc4 46. Rxc4 Be1 47. Rxg4+ Kh6 48. Rh4+ Kg6 49. Rh2 Rf3 50. Nd6 Bxf2+ 51. Rxf2 1/2-1/2

[Event "GER CM01-D email"]
[Site "GER email"]
[Date "2014.09.25"]
[Round "?"]
[White "Wegelin, Reinhard"]
[Black "Ponomarev, Aleksander Anatolie"]
[Result "1-0"]
[WhiteElo "2329"]
[BlackElo "2281"]
[PlyCount "99"]
[EventDate "2014.??.??"]
[EventType "tourn (corr)"]
[EventRounds "12"]
[EventCountry "GER"]
[SourceTitle "Corr 2017"]
[Source "ChessBase"]
[SourceDate "2017.09.19"]
[SourceVersion "1"]
[SourceVersionDate "2017.09.19"]
[SourceQuality "1"]

1. Nf3 Nf6 2. c4 g6 3. Nc3 Bg7 4. d4 0-0 5. e4 d6 6. Be2 e5 7. 0-0 Nc6 8. d5 Ne7 9. Ne1 Nd7 10. Be3 f5 11. f3 f4 12. Bf2 g5 13. Rc1 Rf6 14. Nd3 b6 15. b4 Rh6 16. c5 a6 17. cxd6 cxd6 18. Qc2 Qe8 19. h3 Qh5 20. Be1 Nf6 21. Nf2 Qe8 22. Ng4 Rg6 23. Nxf6+ Bxf6 24. Na4 Rb8 25. Bf2 b5 26. Nb6 Rxb6 27. Bxb6 h5 28. Qc7 Bd7 29. Ba7 Nc8 30. Bf2 Ne7 31. Qxd6 Bg7 32. Qc7 Nc8 33. Qb8 Nd6 34. Ba7 Bf8 35. Rc7 Rg7 36. Rfc1 g4 37. fxg4 Qxb8 38. Bxb8 Nxe4 39. gxh5 Ng3 40. Bd1 Bxb4 41. R1c2 Rf7 42. Bg4 Ba5 43. Rxd7 Bb6+ 44. Rf2 Rxd7 45. Bxd7 Ne4 46. Kf1 Nxf2 47. Bxe5 f3 48. gxf3 Nd1 49. Ke2 Ne3 50. d6 1-0